<?xml version="1.0" encoding="UTF-8"?>
<record
    xmlns:xsi="http://www.w3.org/2001/XMLSchema-instance"
    xsi:schemaLocation="http://www.loc.gov/MARC21/slim http://www.loc.gov/standards/marcxml/schema/MARC21slim.xsd"
    xmlns="http://www.loc.gov/MARC21/slim">

  <leader>01815cam a22003737a 4500</leader>
  <controlfield tag="001">16142922</controlfield>
  <controlfield tag="005">20220326193308.0</controlfield>
  <controlfield tag="008">090724s2008    ne a          000 0 eng d</controlfield>
  <datafield tag="010" ind1=" " ind2=" ">
    <subfield code="a">  2010389092</subfield>
  </datafield>
  <datafield tag="020" ind1=" " ind2=" ">
    <subfield code="a">9789070149956 (English ed.)</subfield>
  </datafield>
  <datafield tag="020" ind1=" " ind2=" ">
    <subfield code="a">9070149958 (English ed.)</subfield>
  </datafield>
  <datafield tag="035" ind1=" " ind2=" ">
    <subfield code="a">(OCoLC)427636923</subfield>
  </datafield>
  <datafield tag="035" ind1=" " ind2=" ">
    <subfield code="a">(OCoLC)ocn427636923</subfield>
  </datafield>
  <datafield tag="040" ind1=" " ind2=" ">
    <subfield code="a">VVP</subfield>
    <subfield code="c">VVP</subfield>
    <subfield code="d">DLC</subfield>
  </datafield>
  <datafield tag="042" ind1=" " ind2=" ">
    <subfield code="a">lccopycat</subfield>
  </datafield>
  <datafield tag="082" ind1=" " ind2=" ">
    <subfield code="a">708</subfield>
    <subfield code="b">R787i</subfield>
  </datafield>
  <datafield tag="100" ind1=" " ind2=" ">
    <subfield code="a">Berndes, Christiane. et all</subfield>
    <subfield code="9">1875</subfield>
  </datafield>
  <datafield tag="245" ind1="0" ind2="0">
    <subfield code="a">Ian Wilson, the discussions /</subfield>
    <subfield code="c">[concept, Christiane Berndes ... [et al.] ; authors, Chantal Kleinmeulman, Anne Rorimer].</subfield>
  </datafield>
  <datafield tag="260" ind1=" " ind2=" ">
    <subfield code="a">Eindhoven :</subfield>
    <subfield code="b">Van Abbemuseum ;</subfield>
    <subfield code="a">[Barcelona] :</subfield>
    <subfield code="b">MACBA, Museu d'Art Contemporani de Barcelona ;</subfield>
    <subfield code="a">[Gen&#xE8;ve] :</subfield>
    <subfield code="b">Mamco, Mus&#xE9;e d'art moderne et contemporain de Gen&#xE8;ve,</subfield>
    <subfield code="c">c2008.</subfield>
  </datafield>
  <datafield tag="300" ind1=" " ind2=" ">
    <subfield code="a">189 p. ;</subfield>
    <subfield code="c">27 cm.</subfield>
  </datafield>
  <datafield tag="500" ind1=" " ind2=" ">
    <subfield code="a">"This publication accompanies a presentation of Ian Wilson's work at Van Abbemuseum, Eindhoven (4 October 2008-8 March 2009), Mamco, Mus&#xE9;e d'art moderne et contemporain de Gen&#xE8;ve (24 February-24 May 2009), MACBA, Museu d'Art Contemporani de Barcelona (14 May-27 September 2009)"--Colophon.</subfield>
  </datafield>
  <datafield tag="504" ind1=" " ind2=" ">
    <subfield code="a">Bibliography: p. 177-182.</subfield>
  </datafield>
  <datafield tag="600" ind1="1" ind2="0">
    <subfield code="a">Wilson, Ian,</subfield>
    <subfield code="d">1940-</subfield>
    <subfield code="9">1876</subfield>
  </datafield>
  <datafield tag="650" ind1=" " ind2="0">
    <subfield code="a">Conceptual art.</subfield>
    <subfield code="v">reasoned catalog</subfield>
    <subfield code="9">1877</subfield>
  </datafield>
  <datafield tag="650" ind1=" " ind2="0">
    <subfield code="a">Conversation in art.</subfield>
    <subfield code="9">1878</subfield>
  </datafield>
  <datafield tag="700" ind1="1" ind2=" ">
    <subfield code="a">Berndes, Christiane.</subfield>
    <subfield code="9">1879</subfield>
  </datafield>
  <datafield tag="700" ind1="1" ind2=" ">
    <subfield code="a">Kleinmeulman, Chantal.</subfield>
    <subfield code="9">1880</subfield>
  </datafield>
  <datafield tag="700" ind1="1" ind2=" ">
    <subfield code="a">Rorimer, Anne.</subfield>
    <subfield code="9">1881</subfield>
  </datafield>
  <datafield tag="710" ind1="2" ind2=" ">
    <subfield code="a">Stedelijk Van Abbemuseum.</subfield>
    <subfield code="9">1882</subfield>
  </datafield>
  <datafield tag="710" ind1="2" ind2=" ">
    <subfield code="a">Museu d'Art Contemporani (Barcelona, Spain)</subfield>
    <subfield code="9">1673</subfield>
  </datafield>
  <datafield tag="710" ind1="2" ind2=" ">
    <subfield code="a">Mus&#xE9;e d'art moderne et contemporain (Geneva, Switzerland)</subfield>
    <subfield code="9">1883</subfield>
  </datafield>
  <datafield tag="906" ind1=" " ind2=" ">
    <subfield code="a">7</subfield>
    <subfield code="b">cbc</subfield>
    <subfield code="c">copycat</subfield>
    <subfield code="d">3</subfield>
    <subfield code="e">ncip</subfield>
    <subfield code="f">20</subfield>
    <subfield code="g">y-gencatlg</subfield>
  </datafield>
  <datafield tag="999" ind1=" " ind2=" ">
    <subfield code="c">395</subfield>
    <subfield code="d">395</subfield>
  </datafield>
  <datafield tag="952" ind1=" " ind2=" ">
    <subfield code="0">0</subfield>
    <subfield code="1">0</subfield>
    <subfield code="2">ddc</subfield>
    <subfield code="4">0</subfield>
    <subfield code="7">0</subfield>
    <subfield code="a">LV</subfield>
    <subfield code="b">LV</subfield>
    <subfield code="c">Pensamiento</subfield>
    <subfield code="d">2014-12-11</subfield>
    <subfield code="l">0</subfield>
    <subfield code="o">708 R787i</subfield>
    <subfield code="p">000289</subfield>
    <subfield code="r">2014-12-11 00:00:00</subfield>
    <subfield code="w">2014-12-11</subfield>
    <subfield code="y">01</subfield>
  </datafield>
</record>
